भारतीय सामाजिक विकास और हिंदी उपन्यास (Record no. 999263)

MARC details
000 -LEADER
fixed length control field 00397nam a2200133Ia 4500
008 - FIXED-LENGTH DATA ELEMENTS--GENERAL INFORMATION
fixed length control field 151001s9999||||xx |||||||||||||| ||und||
100 ## - MAIN ENTRY--PERSONAL NAME
Personal name एस आर सिंह
245 ## - TITLE STATEMENT
Title भारतीय सामाजिक विकास और हिंदी उपन्यास
250 ## - EDITION STATEMENT
Edition statement 1
260 ## - PUBLICATION, DISTRIBUTION, ETC. (IMPRINT)
Name of publisher, distributor, etc अभिव्यक्ती
260 ## - PUBLICATION, DISTRIBUTION, ETC. (IMPRINT)
Date of publication, distribution, etc 2012
300 ## - PHYSICAL DESCRIPTION
Extent 160
365 ## - TRADE PRICE
Price amount 21

No items available.